000 00309nam a22001337a 4500
082 _a894.812
_bKUL/S
100 _aKULANGARA, GEORGE
245 _aSURYANAEPPOLE ACHAN
260 _aKOTTAYAM
_bLABOUR INDIAN EDUCTIONAL RESEARCH CENTRE
_c2007
300 _a54
520 _aNOVEL
650 _aNOVEL
942 _cBK
999 _c4956
_d4956